Sports Quiz

Random Sports or Soccer Quiz

Most successful travelling footballers Quiz Stats

Quiz not verified by Sporcle

Challenge
Share
Tweet
Embed
Score 0/12 Timer 05:00
0 Plays Today
# of different leagues won Player % Correct
4Zlatan Ibrahimović
72%
4Wesley Sneijder
66.5%
4Yaya Touré
66.2%
4Arjen Robben
65.8%
4David Beckham
65.4%
4Rivaldo
57.8%
4Romário
46.2%
4Deco
44%
5Mateja Kežman
42.5%
4Mark van Bommel
37.5%
4Maxwell
36%
4Jiří Jarošík
15.3%

You're not logged in!

Compare scores with friends on all Sporcle quizzes.
Sign Up with Email
OR
Log In

You Might Also Like...

Show Comments

Extras

Top Quizzes Today


Score Distribution

Your Account Isn't Verified!

In order to create a playlist on Sporcle, you need to verify the email address you used during registration. Go to your Sporcle Settings to finish the process.